Familia Paulina (La) (Record n. 76289)
[ formato base ]
| 000 -LEADER | |
|---|---|
| fixed length control field | 01226nam a2200301Ia 4500 |
| 001 - CONTROL NUMBER | |
| control field | 17180 |
| 003 - CONTROL NUMBER IDENTIFIER | |
| control field | IT-RoPAU |
| 008 - FIXED-LENGTH DATA ELEMENTS--GENERAL INFORMATION | |
| fixed length control field | 130308s9999 xx 000 0 und d |
| 040 ## - CATALOGING SOURCE | |
| Original cataloging agency | IT-RoPAU |
| 040 ## - CATALOGING SOURCE | |
| Transcribing agency | IT-RoPAU |
| 041 ## - LANGUAGE CODE | |
| Language code of text/sound track or separate title | SPAGNOLO |
| 999 ## - SYSTEM CONTROL NUMBERS (KOHA) | |
| Koha Dewey Subclass [OBSOLETE] | SI |
| 100 ## - MAIN ENTRY--PERSONAL NAME | |
| Personal name | AA.VV. |
| 100 ## - MAIN ENTRY--PERSONAL NAME | |
| Miscellaneous information | Codice Aut. SPICS: 12000 |
| 245 ## - TITLE STATEMENT | |
| Title | Familia Paulina (La) |
| 245 ## - TITLE STATEMENT | |
| Remainder of title | Familia Paulina (La) |
| 250 ## - EDITION STATEMENT | |
| Edition statement | 1a ed. |
| 260 ## - PUBLICATION, DISTRIBUTION, ETC. (IMPRINT) | |
| Place of publication, distribution, etc. | MADRID |
| 260 ## - PUBLICATION, DISTRIBUTION, ETC. (IMPRINT) | |
| Name of publisher, distributor, etc. | Ediciones Paulinas |
| 260 ## - PUBLICATION, DISTRIBUTION, ETC. (IMPRINT) | |
| Date of publication, distribution, etc. | 1984 [1° Ed.:1984 - Ed.Ling.Originale:1984] |
| 300 ## - PHYSICAL DESCRIPTION | |
| Extent | "36 p. (prefazione: no ; testo: 36 [pagine: 0-0])" |
| 500 ## - GENERAL NOTE | |
| General note | Cooperatore Paolino Gennaio Febbraio 1984 contributi di Autori vari Sulla Famiglia Paolina 70 Anni al Servizio della Chiesa Testimonianze Mappa della Famiglia Paolina nel Mondo Intero Società San Paolo Pia Società Figlie di San Paolo Pie Discepole del Divin maestro Suore di Gesu' buon Pastore Suore della regina degli Apostoli Istituti Aggregati Istituto Gesu' sacerdote Istituto San Gabriele Arcangelo Istituto delle Annunziatine Istituto Santa Famiglia Cooperatori Paolini |
| 650 ## - SUBJECT ADDED ENTRY--TOPICAL TERM | |
| Topical term or geographic name as entry element | AUTORI/OPERE FAMIGLIA PAOLINA |
| 650 ## - SUBJECT ADDED ENTRY--TOPICAL TERM | |
| Relator term | Codice materia Spics: 9903 |
| 942 ## - ADDED ENTRY ELEMENTS (KOHA) | |
| Koha item type | LIBRO |
| 957 ## - | |
| -- | 1 |
| 999 ## - SYSTEM CONTROL NUMBERS (KOHA) | |
| -- | 1 |
| Withdrawn status | Lost status | Damaged status | Not for loan | Home library | Current library | Date acquired | Total Checkouts | Full call number | Date last seen | Price effective from | Koha item type | Public note |
|---|---|---|---|---|---|---|---|---|---|---|---|---|
| Buone Condizioni | Not For Loan | SPICS-MEDIATECA | SPICS-MEDIATECA | 08/03/2013 | 17180 | 08/03/2013 | 08/03/2013 | LIBRO | Progressivo inserimento: 60393 / N. Volumi: 1 Copie: 1 Copia Rara: SI / data import: 1 marzo 2013 - By Epidotti, Trombetti, Vaglietti. |